000
00489nam a2200145Ia 4500
008
151213s9999 xx 000 0 und d
100
_a
মোবাশ্বেও আলী।
245
_a
ঈস্কিলাস আগামেনন
_c
মোবাশ্বেও আলী।
260
_a
ঢাকা
_b
ঐতিহ্য।
_c
2001
300
_a
8771 p.
650
_a
Bangla
650
_a
উপন্যাস
700
_a
মোবাশ্বেও আলী।
999
_c
4556
_d
4556